Методы обработки цифровой информации геохимических поисков: сборник статей

Dades bibliogràfiques
Autor corporatiu: Академия наук СССР (АН СССР) Институт минералогии, геохимии и кристаллохимии редких элементов (ИМГРЭ)
Altres autors: Григорян С. В. (редактор), Кузин М. Ф.
Sumari:Исключено из фонда НТБ ТПУ
Idioma:rus
Publicat: Москва, Изд-во ИМГРЭ, 1978
Format: MixedMaterials Llibre
KOHA link:https://koha.lib.tpu.ru/cgi-bin/koha/opac-detail.pl?biblionumber=278750

MARC

LEADER 00000nam0a2200000 4500
001 278750
005 20231031231853.0
035 |a (RuTPU)RU\TPU\book\302028 
035 |a RU\TPU\book\302025 
090 |a 278750 
100 |a 20141215d1978 k y0rusy50 ca 
101 0 |a rus 
102 |a RU 
105 |a a z 001zy 
200 1 |a Методы обработки цифровой информации геохимических поисков  |e сборник статей  |f Академия наук СССР (АН СССР), Институт минералогии, геохимии и кристаллохимии редких элементов (ИМГРЭ) ; под ред.: С. В. Григоряна, М. Ф. Кузина 
210 |a Москва  |c Изд-во ИМГРЭ  |d 1978 
215 |a 78 с.  |c ил. 
320 |a Библиогр. в конце статей 
333 |a Исключено из фонда НТБ ТПУ 
702 1 |a Григорян  |b С. В.  |4 340 
702 1 |a Кузин  |b М. Ф.  |4 340 
712 0 2 |a Академия наук СССР (АН СССР)  |b Институт минералогии, геохимии и кристаллохимии редких элементов (ИМГРЭ)  |c (Москва) 
801 1 |a RU  |b 63413507  |c 20141215 
801 2 |a RU  |b 63413507  |c 20210210  |g RCR 
942 |c BK